000 00988nam a22003017a 4500
003 DO-SdBNP
005 20220209144045.0
007 ta
008 220209b1968 ||||| |||| 00| 0 spa d
040 _aDO-SdBNP
_bspa
_cBNPHU
082 4 _222
_aXXXX
_bC3146m
100 1 0 _aCarrera Damas, German
_920328
245 1 0 _aMetodología y estudio de la historia /
_cGerman Carrera Damas
260 _a[Caracas, Venezuela ] ;
_bBiblioteca popular el dorado,
_c[1968 ?].
300 _a324 p. :
_c16 cm
500 _aIncluye datos biográficos del autor.
505 _aIndice.
505 _aIntroducción.
505 _aParte I. Metodología de la historia.
505 _aParte II. Estudio de la historia.
505 _aParte III. Enseñanza de la historia.
590 _aInventariado, 2022 /SA
650 4 0 _aHistoria
_xMetodología
_981202
650 4 0 _aHistoria
_xPsicología
_981203
650 4 0 _aMetodología
_vEstudio y enseñanza
_981204
910 _aSaquino
942 _2ddc
_cLBS1
999 _c51396
_d51396